01636nam a2200409Ia 4500001001200000003000800012006001900020007001500039008004100054010001700095020001500112020001800127020001800145040002100163035002100184050002400205082001700229100002200246245007300268260008400341300001400425490003200439504005100471533015200522650004400674650004400718650006300762650004100825650004900866650004400915655002900959710001700988710004601005830003201051856012601083999001701209ebr10635892CaPaEBRm u cr cn|||||||||120430s2012 ilu sb 001 0 eng d z 2012015104 z1555707947 z9781555707941 z9781555708528 aCaPaEBRcCaPaEBR a(OCoLC)84285112514aZ718.5b.E19 2012eb04a027.62/62231 aEagle, mk,d1983-10aAnswering teens' tough questionsh[electronic resource] /cmk Eagle. aChicago :bNeal-Schuman, an imprint of the American Library Association,c2012. ax, 125 p.1 aTeens at the library series aIncludes bibliographical references and index. aElectronic reproduction.bPalo Alto, Calif. :cebrary,d2013.nAvailable via World Wide Web.nAccess may be limited to ebrary affiliated libraries. 0aLibraries and teenagerszUnited States. 0aYoung adults' librarieszUnited States. 0aYoung adult services librarianszUnited StatesxAttitudes. 0aTeenagerszUnited StatesxAttitudes. 0aTeenagerszUnited StatesxSocial conditions. 0aTeenagersxServices forzUnited States. 7aElectronic books.2local2 aebrary, Inc.2 aYoung Adult Library Services Association. 0aTeens @ the library series.40uhttp://site.ebrary.com/lib/rucke/Doc?id=10635892zAn electronic book accessible through the World Wide Web; click to view c46446d46446